000 00691nam a2200229Ia 4500
003 GCL
008 140319s9999 xx 000 0 ara d
040 _aGCL /
_cGCL
082 0 4 _a814.008
_bج م
100 1 _aجلال العشرى
245 1 0 _aالمسرح وجة وقناع /
_cجلال العشرى
260 _a[S.N] :
_bالهيئة المصرية العامة للكتاب ،
_c1988
300 _a246 ص
490 _a
650 0 4 _aالادب العربى
650 0 4 _aالمسرحية العربية
650 0 4 _aالمقالات العربية
650 0 4 _aالمسرح
650 0 4 _aالمسرح العربى
650 0 4 _aتاريخ ونقد
942 _2ddc
_cBK
999 _c30113
_d30113